[Event "Ljubljana-chT 71st"]
[Site "Ljubljana"]
[Date "2018.04.05"]
[Round "9.2"]
[White "Znidaric, Anze"]
[Black "Rojs, Igor"]
[Result "1-0"]
[WhiteElo "1942"]
[BlackElo "2006"]
[PlyCount "51"]
[EventDate "2018.01.11"]
[EventType "team-tourn"]
[EventRounds "9"]
[EventCountry "SLO"]
[SourceTitle "EXT 2020"]
[Source "ChessBase"]
[SourceDate "2019.10.17"]
[SourceVersion "1"]
[SourceVersionDate "2019.10.17"]
[SourceQuality "1"]
[WhiteTeam "Kranj Gimnazija"]
[BlackTeam "Trzin Buscotrade"]
[WhiteTeamCountry "SLO"]
[BlackTeamCountry "SLO"]

1. Nf3 Nf6 2. d4 d5 3. g3 g6 4. Bg2 Bg7 5. 0-0 0-0 6. c4 c6 7. Nc3 e6 8. b3 Nbd7 9. Bb2 b6 10. Ne5 Nxe5 11. dxe5 Ng4 12. e4 Nxe5 13. exd5 exd5 14. cxd5 cxd5 15. Nxd5 Bg4 16. Qd2 f6 17. f4 Nf7 18. Rfe1 Rc8 19. Ba3 f5 20. Bxf8 Bxa1 21. Be7 Bc3 22. Qxc3 Rxc3 23. Bxd8 Rc2 24. Bf6 Nd6 25. Nb4 Rd2 26. Bd5+ 1-0

[Event "Ljubljana-chT 71st"]
[Site "Ljubljana"]
[Date "2018.01.11"]
[Round "1.2"]
[White "Praznik, Anton"]
[Black "Znidaric, Anze"]
[Result "1-0"]
[WhiteElo "2145"]
[BlackElo "1942"]
[PlyCount "85"]
[EventDate "2018.01.11"]
[EventType "team-tourn"]
[EventRounds "9"]
[EventCountry "SLO"]
[SourceTitle "EXT 2020"]
[Source "ChessBase"]
[SourceDate "2019.10.17"]
[SourceVersion "1"]
[SourceVersionDate "2019.10.17"]
[SourceQuality "1"]
[WhiteTeam "Vrhnika"]
[BlackTeam "Kranj Gimnazija"]
[WhiteTeamCountry "SLO"]
[BlackTeamCountry "SLO"]

1. e4 c5 2. Nf3 d6 3. Bb5+ Bd7 4. Bxd7+ Qxd7 5. 0-0 Nc6 6. c3 g6 7. d4 cxd4 8. cxd4 Bg7 9. Nc3 e6 10. h3 Nge7 11. Bg5 0-0 12. Qd2 d5 13. e5 Rfc8 14. Rac1 Nf5 15. g4 Nfe7 16. Bf6 a6 17. Qf4 Bf8 18. b3 b5 19. Ne1 Qa7 20. Nf3 Rc7 21. Bg5 Rac8 22. Ne2 Nb4 23. Qd2 Rxc1 24. Rxc1 Rxc1+ 25. Qxc1 a5 26. a3 Na6 27. Bh6 Qc7 28. Qd2 Bg7 29. h4 a4 30. bxa4 bxa4 31. h5 Nc8 32. Bxg7 Kxg7 33. h6+ Kg8 34. Qg5 Qe7 35. Qxe7 Nxe7 36. Nc3 Nc7 37. Nxa4 Nb5 38. Nc5 Nxa3 39. Nd7 f5 40. exf6 Nc6 41. Ng5 Nd8 42. Ne5 Nc4 43. f7+ 1-0

[Event "SLO-ch U18"]
[Site "Ptuj"]
[Date "2017.02.25"]
[Round "1"]
[White "Znidaric, Anze"]
[Black "Dobrovoljc, Vid"]
[Result "0-1"]
[WhiteElo "1971"]
[BlackElo "2297"]
[PlyCount "72"]
[EventDate "2017.02.25"]
[EventType "swiss"]
[EventRounds "7"]
[EventCountry "SLO"]
[SourceTitle "CBM 177 Extra"]
[Source "ChessBase"]
[SourceDate "2017.04.27"]
[SourceVersion "1"]
[SourceVersionDate "2017.04.27"]
[SourceQuality "1"]

1. Nf3 Nf6 2. g3 d5 3. d4 c5 4. e3 Nc6 5. Bg2 Bg4 6. b3 e6 7. Bb2 cxd4 8. exd4 Qa5+ 9. Qd2 Bb4 10. c3 Be7 11. 0-0 0-0 12. Qe3 Rac8 13. Nbd2 Rfd8 14. c4 dxc4 15. Nxc4 Qh5 16. Nfe5 Nd5 17. Bxd5 Rxd5 18. f3 Bh3 19. g4 Qh4 20. Rfe1 Bg5 21. Qe2 Nxe5 22. Nxe5 Re8 23. Nd3 h5 24. Nf2 Bf4 25. Qe4 Bxh2+ 26. Kxh2 Qxf2+ 27. Kxh3 hxg4+ 28. fxg4 Qxb2 29. Qxd5 Qc3+ 30. Kh4 exd5 31. Rxe8+ Kh7 32. Rf1 f6 33. Re7 Kh6 34. g5+ fxg5+ 35. Kg4 Qxd4+ 36. Kf3 Qf6+ 0-1

[Event "Ljubljana-chT 70th 1st League"]
[Site "Ljubljana"]
[Date "2017.01.19"]
[Round "2.1"]
[White "Skok, Boris"]
[Black "Znidaric, Anze"]
[Result "1-0"]
[WhiteElo "2035"]
[BlackElo "1971"]
[PlyCount "74"]
[EventDate "2017.01.12"]
[EventType "team-swiss"]
[EventRounds "9"]
[EventCountry "SLO"]
[SourceTitle "EXT 2022"]
[Source "ChessBase"]
[SourceDate "2021.10.06"]
[SourceVersion "1"]
[SourceVersionDate "2021.10.06"]
[SourceQuality "1"]
[WhiteTeam "Bor Dob"]
[BlackTeam "Kranj Gimnazija"]
[WhiteTeamCountry "SLO"]
[BlackTeamCountry "SLO"]

1. d4 Nf6 2. c4 e6 3. Nf3 b6 4. g3 Bb7 5. Bg2 Be7 6. 0-0 0-0 7. Re1 d5 8. cxd5 exd5 9. Nc3 Na6 10. Bf4 c5 11. Rc1 Re8 12. Nb5 Qd7 13. a4 Ne4 14. Ne5 Qd8 15. Qb3 c4 16. Qd1 f6 17. Nf3 Bc6 18. Nd2 Nxd2 19. Bxd2 Qd7 20. b3 Bxb5 21. axb5 c3 22. bxa6 cxd2 23. Qxd2 Red8 24. Qd3 Bb4 25. Red1 b5 26. Rc2 Rac8 27. Rdc1 Rxc2 28. Rxc2 g6 29. h4 Kg7 30. h5 Rb8 31. Qe3 Re8 32. h6+ Kf7 33. Qc1 Ba5 34. e3 Bb6 35. Rc6 Rd8 36. Bf1 b4 37. Bb5 Qh3 1-0

[Event "SLO-ch U20"]
[Site "Bled"]
[Date "2016.06.27"]
[Round "5"]
[White "Znidaric, Anze"]
[Black "Suta, Tomaz"]
[Result "1-0"]
[WhiteElo "2055"]
[BlackElo "1618"]
[PlyCount "37"]
[EventDate "2016.06.25"]
[EventType "swiss"]
[EventRounds "7"]
[EventCountry "SLO"]
[SourceTitle "EXT 2019"]
[Source "ChessBase"]
[SourceDate "2018.10.10"]
[SourceVersion "1"]
[SourceVersionDate "2018.10.10"]
[SourceQuality "1"]

1. Nf3 Nf6 2. c4 g6 3. d4 Bg7 4. g3 0-0 5. Bg2 d6 6. 0-0 Nbd7 7. Nc3 e5 8. e4 Re8 9. Re1 a5 10. h3 Nh5 11. Bg5 f6 12. Be3 Rf8 13. Rc1 f5 14. exf5 gxf5 15. dxe5 dxe5 16. Nxe5 Nxe5 17. Qxh5 Nxc4 18. Bd5+ Kh8 19. Bxc4 1-0

[Event "SLO-CupT"]
[Site "Portoroz"]
[Date "2016.03.13"]
[Round "4"]
[White "Znidaric, Anze"]
[Black "Pridigar, Lovro"]
[Result "1/2-1/2"]
[WhiteElo "2111"]
[BlackElo "1941"]
[PlyCount "80"]
[EventDate "2016.03.11"]
[EventType "team-swiss"]
[EventRounds "5"]
[EventCountry "SLO"]
[SourceTitle "EXT 2019"]
[Source "ChessBase"]
[SourceDate "2018.10.10"]
[SourceVersion "1"]
[SourceVersionDate "2018.10.10"]
[SourceQuality "1"]
[WhiteTeam "Prevodi Dvojka"]
[BlackTeam "Postojna"]
[WhiteTeamCountry "SLO"]
[BlackTeamCountry "SLO"]

1. Nf3 c5 2. c4 Nc6 3. d4 cxd4 4. Nxd4 g6 5. Nc3 Bg7 6. e3 Nf6 7. g3 d6 8. Bg2 Bd7 9. 0-0 0-0 10. b3 Rc8 11. Bb2 Bg4 12. Qd2 Qd7 13. Nd5 Nxd5 14. cxd5 Nxd4 15. Bxd4 Bxd4 16. Qxd4 b6 17. Rfc1 Rxc1+ 18. Rxc1 Rc8 19. Rc6 Be2 20. Qc3 Ba6 21. Bf1 Bb7 22. Rc4 Rxc4 23. Qxc4 Qc8 24. Qxc8+ Bxc8 25. Bb5 Kg7 26. e4 Kf6 27. f4 e6 28. dxe6 fxe6 29. Kf2 Bb7 30. Ke3 h6 31. Be2 Bc6 32. a3 Bb7 33. Kd4 e5+ 34. fxe5+ dxe5+ 35. Ke3 Ke7 36. Bc4 Kf6 37. Be2 Ke7 38. Bc4 Kf6 39. Be2 Ke7 40. Bc4 Kf6 1/2-1/2

[Event "SLO-CupT"]
[Site "Portoroz"]
[Date "2016.03.12"]
[Round "2"]
[White "Znidaric, Anze"]
[Black "Kokol, Peter"]
[Result "1/2-1/2"]
[WhiteElo "2111"]
[BlackElo "2359"]
[PlyCount "98"]
[EventDate "2016.03.11"]
[EventType "team-swiss"]
[EventRounds "5"]
[EventCountry "SLO"]
[SourceTitle "EXT 2019"]
[Source "ChessBase"]
[SourceDate "2018.10.10"]
[SourceVersion "1"]
[SourceVersionDate "2018.10.10"]
[SourceQuality "1"]
[WhiteTeam "Prevodi Dvojka"]
[BlackTeam "Maribor"]
[WhiteTeamCountry "SLO"]
[BlackTeamCountry "SLO"]

1. Nf3 Nf6 2. c4 g6 3. g3 Bg7 4. Bg2 0-0 5. 0-0 c5 6. d4 cxd4 7. Nxd4 Nc6 8. Nc3 Ng4 9. e3 Nge5 10. b3 d6 11. Bb2 Bg4 12. f3 Bd7 13. Re1 a6 14. Nce2 Qb6 15. Qd2 Rfc8 16. h3 f5 17. f4 Nf7 18. Nxc6 Bxc6 19. Bxg7 Bxg2 20. Kxg2 Qc6+ 21. Kh2 Kxg7 22. Nd4 Qe4 23. Rad1 b5 24. cxb5 e5 25. Nc6 axb5 26. Nb4 Rc5 27. Rc1 Rac8 28. Nd3 Qd5 29. Rxc5 dxc5 30. Rd1 Rd8 31. Qc3 Qf3 32. Qe1 h5 33. Rd2 Qd5 34. Rd1 Qa8 35. Nxc5 Qxa2+ 36. Kg1 Rxd1 37. Qxd1 Qb2 38. Qe1 Qc2 39. b4 Nd6 40. fxe5 Nc4 41. e6 Nd2 42. Qa1+ Kh7 43. e7 Nf3+ 44. Kf1 Nh2+ 45. Ke1 Qg2 46. Qh8+ Kxh8 47. e8Q+ Kh7 48. Qf7+ Kh6 49. Qf8+ Kh7 1/2-1/2

[Event "Zadar op-B 22nd"]
[Site "Zadar"]
[Date "2015.12.14"]
[Round "3"]
[White "Bozinovic, Bogdan"]
[Black "Znidaric, Anze"]
[Result "1-0"]
[WhiteElo "2115"]
[BlackElo "2006"]
[PlyCount "67"]
[EventDate "2015.12.13"]
[EventType "swiss"]
[EventRounds "9"]
[EventCountry "CRO"]
[SourceTitle "EXT 2017"]
[Source "ChessBase"]
[SourceDate "2016.10.25"]
[SourceVersion "1"]
[SourceVersionDate "2016.10.25"]
[SourceQuality "1"]

1. d4 Nf6 2. c4 e6 3. Nc3 Bb4 4. f3 d5 5. a3 Bxc3+ 6. bxc3 c5 7. cxd5 Nxd5 8. dxc5 Qa5 9. e4 Ne7 10. Be3 0-0 11. Qb3 Nd7 12. Bb5 Rd8 13. Ne2 Ne5 14. Nd4 Bd7 15. Be2 Ba4 16. Qb4 N7c6 17. Nxc6 Nxc6 18. Qxa5 Nxa5 19. Rb1 Rac8 20. Rb4 Bc2 21. Kf2 Bd3 22. Rd1 Bxe2 23. Kxe2 Rxd1 24. Kxd1 Rc7 25. Kc2 Kf8 26. Bf4 Rd7 27. Bd6+ Ke8 28. e5 Nc6 29. Rh4 h6 30. Rg4 g6 31. Rh4 h5 32. g4 Rd8 33. gxh5 gxh5 34. Rxh5 1-0

[Event "EU-ch U16 25th"]
[Site "Porec"]
[Date "2015.09.29"]
[Round "8"]
[White "Znidaric, Anze"]
[Black "Tica, Sven"]
[Result "0-1"]
[WhiteElo "2001"]
[BlackElo "2300"]
[PlyCount "136"]
[EventDate "2015.09.21"]
[EventType "swiss"]
[EventRounds "9"]
[EventCountry "CRO"]
[SourceTitle "EXT 2016"]
[Source "ChessBase"]
[SourceDate "2015.10.08"]
[SourceVersion "1"]
[SourceVersionDate "2015.10.08"]
[SourceQuality "1"]

1. Nf3 Nf6 2. c4 c5 3. g3 e6 4. Bg2 d5 5. cxd5 exd5 6. d4 Be7 7. 0-0 0-0 8. Nc3 Nc6 9. dxc5 Bxc5 10. Bg5 d4 11. Bxf6 Qxf6 12. Ne4 Qe7 13. Nxc5 Qxc5 14. Rc1 Qb6 15. Qd2 Be6 16. b3 Rad8 17. Rfd1 Rfe8 18. Qb2 a5 19. Rd2 Rd7 20. Ne1 Bd5 21. Nd3 Bxg2 22. Kxg2 Rde7 23. Nf4 Qd8 24. a3 Qd6 25. Nd3 b6 26. b4 h5 27. b5 Ne5 28. Nf4 Rd7 29. Kg1 h4 30. Nd3 h3 31. Nf4 d3 32. Nxh3 Qh6 33. Kg2 Ng4 34. Rxd3 Rxd3 35. exd3 Qh5 36. Qd4 Re2 37. Qd8+ Kh7 38. Qh4 Ne3+ 39. Kg1 Qxh4 40. gxh4 Nd5 41. Rc6 f6 42. Rd6 Re5 43. d4 Rf5 44. Rc6 Rh5 45. Kg2 Rxh4 46. Rc4 g5 47. Kg3 Kg6 48. f3 Ne3 49. Rc6 Nf5+ 50. Kg2 Rxd4 51. Rxb6 Nh4+ 52. Kf2 Rd2+ 53. Ke3 Ra2 54. Kd4 Rxa3 55. Ng1 Ng2 56. Ra6 Nf4 57. b6 Rb3 58. Rxa5 Rxb6 59. Ke3 Rb2 60. h3 Rg2 61. Ra1 Rb2 62. Rd1 Kh5 63. Rd6 Kh4 64. Ke4 Rb1 65. Rxf6 Rxg1 66. Rh6+ Kg3 67. Kf5 Nxh3 68. Rg6 Kxf3 0-1

[Event "EU-ch U16 25th"]
[Site "Porec"]
[Date "2015.09.28"]
[Round "7"]
[White "Znidaric, Anze"]
[Black "Licheli, Luka"]
[Result "0-1"]
[WhiteElo "2001"]
[BlackElo "2103"]
[PlyCount "90"]
[EventDate "2015.09.21"]
[EventType "swiss"]
[EventRounds "9"]
[EventCountry "CRO"]
[SourceTitle "EXT 2016"]
[Source "ChessBase"]
[SourceDate "2015.10.08"]
[SourceVersion "1"]
[SourceVersionDate "2015.10.08"]
[SourceQuality "1"]

1. Nf3 Nf6 2. c4 e6 3. g3 b6 4. Bg2 Bb7 5. 0-0 Be7 6. d4 0-0 7. Nc3 Ne4 8. Nxe4 Bxe4 9. Ne1 Bxg2 10. Nxg2 d5 11. cxd5 Qxd5 12. Bf4 Na6 13. Qa4 Qb7 14. Rfd1 Rfd8 15. a3 Bf6 16. Rac1 b5 17. Qa5 Rxd4 18. Rxd4 Bxd4 19. Bxc7 Bxb2 20. Rb1 Qxc7 21. Qxc7 Nxc7 22. Rxb2 Rb8 23. Ne3 Kf8 24. Nc4 f6 25. Na5 Rb6 26. Rc2 Ra6 27. Nb7 Ne8 28. Rc3 Ke7 29. Kf1 Rb6 30. Na5 Kd7 31. e4 Nd6 32. f3 Ra6 33. Nb3 Rc6 34. Rd3 Ke7 35. Nd4 Rc1+ 36. Ke2 e5 37. Nb3 Rc2+ 38. Rd2 Rxd2+ 39. Nxd2 Nc4 40. Nxc4 bxc4 41. Kd2 Kd6 42. Kc3 Kc5 43. a4 g5 44. h3 h6 45. a5 a6 0-1

[Event "EU-ch U16 25th"]
[Site "Porec"]
[Date "2015.09.23"]
[Round "3"]
[White "Kutsanian, Andranik"]
[Black "Znidaric, Anze"]
[Result "1-0"]
[WhiteElo "2007"]
[BlackElo "2001"]
[PlyCount "90"]
[EventDate "2015.09.21"]
[EventType "swiss"]
[EventRounds "9"]
[EventCountry "CRO"]
[SourceTitle "EXT 2016"]
[Source "ChessBase"]
[SourceDate "2015.10.08"]
[SourceVersion "1"]
[SourceVersionDate "2015.10.08"]
[SourceQuality "1"]

1. e4 c5 2. b3 d6 3. Bb2 Nf6 4. Bb5+ Bd7 5. Bxd7+ Qxd7 6. d3 Nc6 7. Nf3 g6 8. 0-0 Bg7 9. Nbd2 0-0 10. a4 Rfd8 11. Nc4 e6 12. h3 d5 13. e5 Ne8 14. Ncd2 Qc7 15. Re1 a6 16. Qe2 b5 17. Nf1 Rab8 18. Bc1 Rdc8 19. N1h2 Ne7 20. Bg5 Nf5 21. Ng4 h6 22. Bf4 c4 23. bxc4 bxc4 24. d4 Qa5 25. Nf6+ Bxf6 26. exf6 Rb4 27. Ne5 Nxd4 28. Qg4 Nxf6 29. Qh4 Nh5 30. Qe7 Qc7 31. Qxb4 Nxf4 32. Qd2 Nxh3+ 33. Kf1 Nxc2 34. Qxc2 Ng5 35. Rab1 Ne4 36. Rxe4 dxe4 37. Qxe4 c3 38. Rc1 Kh7 39. Qe3 c2 40. Qe2 f6 41. Nf3 e5 42. Qxa6 Qc4+ 43. Qxc4 Rxc4 44. a5 g5 45. Nd2 Kg6 1-0

[Event "EU-ch U16 25th"]
[Site "Porec"]
[Date "2015.09.21"]
[Round "1"]
[White "Havelka, Josef"]
[Black "Znidaric, Anze"]
[Result "1-0"]
[WhiteElo "2268"]
[BlackElo "2001"]
[PlyCount "53"]
[EventDate "2015.09.21"]
[EventType "swiss"]
[EventRounds "9"]
[EventCountry "CRO"]
[SourceTitle "EXT 2016"]
[Source "ChessBase"]
[SourceDate "2015.10.08"]
[SourceVersion "1"]
[SourceVersionDate "2015.10.08"]
[SourceQuality "1"]

1. e4 c5 2. Nf3 d6 3. d4 cxd4 4. Nxd4 Nf6 5. Nc3 a6 6. h3 e5 7. Nde2 b5 8. g4 Bb7 9. Bg2 b4 10. Nd5 Nxd5 11. exd5 Be7 12. 0-0 0-0 13. Ng3 g6 14. Bh6 Re8 15. Qd2 Qb6 16. Be3 Qb5 17. f4 exf4 18. Rxf4 Bg5 19. Ne4 Bxf4 20. Nf6+ Kg7 21. Nxe8+ Qxe8 22. Bxf4 Qb5 23. Qd4+ Kg8 24. Bxd6 a5 25. Re1 Na6 26. Re7 Re8 27. Bf1 1-0

[Event "SLO-chT U20"]
[Site "Otocec"]
[Date "2015.08.27"]
[Round "6"]
[White "Pavic, Filip"]
[Black "Znidaric, Anze"]
[Result "1/2-1/2"]
[WhiteElo "2158"]
[BlackElo "1946"]
[PlyCount "82"]
[EventDate "2015.08.24"]
[EventType "team-tourn"]
[EventRounds "7"]
[EventCountry "SLO"]
[SourceTitle "EXT 2019"]
[Source "ChessBase"]
[SourceDate "2018.10.10"]
[SourceVersion "1"]
[SourceVersionDate "2018.10.10"]
[SourceQuality "1"]

1. e4 c5 2. Nc3 Nc6 3. Nf3 d6 4. d4 cxd4 5. Nxd4 Nf6 6. Bc4 e6 7. Bb3 Be7 8. 0-0 0-0 9. Be3 a6 10. f4 Qc7 11. Qe1 b5 12. a3 Bb7 13. Qg3 Na5 14. Bxe6 Nxe4 15. Nxe4 Bxe4 16. Bf5 Bxf5 17. Nxf5 Bf6 18. Bd4 Bxd4+ 19. Nxd4 Qc5 20. Rad1 Nc6 21. c3 Rfe8 22. Rfe1 Kf8 23. h3 Rxe1+ 24. Qxe1 Re8 25. Qf2 Nxd4 26. Rxd4 d5 27. Rd2 Re1+ 28. Kh2 Qxf2 29. Rxf2 Ke7 30. Kg3 Kd6 31. Kg4 Kc5 32. h4 Kc4 33. Rd2 Kc5 34. h5 Re6 35. Kg5 h6+ 36. Kg4 Kd6 37. Kf3 Re1 38. g3 Rh1 39. g4 Rh3+ 40. Kg2 Re3 41. Kf2 Rh3 1/2-1/2

[Event "Split op 5th"]
[Site "Split"]
[Date "2015.08.16"]
[Round "9"]
[White "Saric, Kristina"]
[Black "Znidaric, Anze"]
[Result "1-0"]
[WhiteElo "2201"]
[BlackElo "1946"]
[PlyCount "61"]
[EventDate "2015.08.09"]
[EventType "swiss"]
[EventRounds "9"]
[EventCountry "CRO"]
[SourceTitle "EXT 2016"]
[Source "ChessBase"]
[SourceDate "2015.10.08"]
[SourceVersion "1"]
[SourceVersionDate "2015.10.08"]
[SourceQuality "1"]

1. e4 c5 2. Nf3 d6 3. d4 cxd4 4. Qxd4 Nc6 5. Bb5 Bd7 6. Bxc6 Bxc6 7. Nc3 Nf6 8. Bg5 e6 9. Qd3 Be7 10. Nd4 Qa5 11. Bd2 Qc7 12. 0-0-0 a6 13. f4 b5 14. a3 0-0 15. Rhe1 Rfc8 16. Kb1 Rab8 17. g4 Nxg4 18. Rg1 Nf6 19. f5 d5 20. fxe6 dxe4 21. Qf1 g6 22. exf7+ Kxf7 23. Bf4 Bd6 24. Nxc6 Bxf4 25. Nxb8 Rxb8 26. Nd5 Nxd5 27. Rxd5 Kg7 28. Qd1 Kg8 29. Qg4 Re8 30. Rd7 Qe5 31. Qh4 1-0

[Event "SLO-ch U20 18th"]
[Site "Maribor"]
[Date "2015.07.09"]
[Round "6"]
[White "Znidaric, Anze"]
[Black "Skuhala, Luka"]
[Result "1/2-1/2"]
[WhiteElo "1931"]
[BlackElo "1977"]
[PlyCount "117"]
[EventDate "2015.07.04"]
[EventType "swiss"]
[EventRounds "7"]
[EventCountry "SLO"]
[SourceTitle "EXT 2019"]
[Source "ChessBase"]
[SourceDate "2018.10.10"]
[SourceVersion "1"]
[SourceVersionDate "2018.10.10"]
[SourceQuality "1"]

1. Nf3 Nf6 2. c4 e6 3. g3 d5 4. d4 Be7 5. Bg2 0-0 6. 0-0 dxc4 7. Ne5 Nc6 8. Nxc6 bxc6 9. Bxc6 Rb8 10. Nc3 Bb7 11. Qa4 Qxd4 12. Be3 Qd6 13. Bxb7 Rxb7 14. Qxc4 Rb4 15. Qd3 Qxd3 16. exd3 c5 17. b3 Rd8 18. Rfd1 Ng4 19. Na4 Rd5 20. Rac1 h5 21. Rc2 Nxe3 22. fxe3 h4 23. Kf2 hxg3+ 24. hxg3 Bd6 25. Nc3 Rf5+ 26. Kg2 Rg4 27. Ne4 Be7 28. Rc4 Rg6 29. Ra4 Bg5 30. Rxa7 Bxe3 31. Ra8+ Kh7 32. a4 Rd5 33. a5 f5 34. a6 e5 35. Rh1+ Bh6 36. Ra1 fxe4 37. a7 Rxd3 38. Rh8+ Kxh8 39. a8Q+ Kh7 40. Qxe4 Rdxg3+ 41. Kf2 Rxb3 42. Ra6 Rbg3 43. Rxg6 Rxg6 44. Qxe5 Rf6+ 45. Kg2 c4 46. Kh3 Rf3+ 47. Kg2 Rf4 48. Qe6 g6 49. Qd7+ Bg7 50. Qh3+ Kg8 51. Qe6+ Rf7 52. Qxc4 Bf6 53. Kh3 Kg7 54. Kg4 Rd7 55. Qe6 Re7 56. Qd6 Re4+ 57. Kf3 Re7 58. Kg4 Re4+ 59. Kf3 1/2-1/2

[Event "SLO-ch U20 18th"]
[Site "Maribor"]
[Date "2015.07.05"]
[Round "2"]
[White "Znidaric, Anze"]
[Black "Amon, Jan"]
[Result "1-0"]
[WhiteElo "1931"]
[BlackElo "1275"]
[PlyCount "103"]
[EventDate "2015.07.04"]
[EventType "swiss"]
[EventRounds "7"]
[EventCountry "SLO"]
[SourceTitle "EXT 2019"]
[Source "ChessBase"]
[SourceDate "2018.10.10"]
[SourceVersion "1"]
[SourceVersionDate "2018.10.10"]
[SourceQuality "1"]

1. Nf3 d5 2. d4 c6 3. g3 Nf6 4. Bg2 e6 5. 0-0 Nbd7 6. Nbd2 Be7 7. c4 0-0 8. b3 b6 9. Bb2 Bb7 10. Ne5 c5 11. e3 cxd4 12. exd4 Nxe5 13. dxe5 Nd7 14. cxd5 Bxd5 15. Bxd5 exd5 16. Qf3 Nc5 17. Rad1 f6 18. Nc4 fxe5 19. Qxd5+ Qxd5 20. Rxd5 e4 21. Ba3 Rfe8 22. Re1 Rf8 23. b4 Nd3 24. Rxe4 Nxb4 25. Rb5 Nc6 26. Bxe7 Rfe8 27. Rbe5 Nxe5 28. Rxe5 Rec8 29. Re4 Rc6 30. Nd6 Rc1+ 31. Kg2 Rc2 32. a4 h6 33. Rg4 Rc7 34. Nf5 Kf7 35. Rxg7+ Ke6 36. g4 h5 37. Rg6+ Kf7 38. Rf6+ Kg8 39. Bd6 Rc4 40. Rg6+ Kf7 41. Rg7+ Kf6 42. Be7+ Ke6 43. Rg6+ Kf7 44. Rf6+ Kg8 45. gxh5 Rxa4 46. h6 b5 47. Rg6+ Kf7 48. Rf6+ Kg8 49. Nd6 b4 50. Rf7 b3 51. h7+ Kh8 52. Bf6# 1-0

[Event "SLO-chT U16"]
[Site "Debeli Rtic"]
[Date "2015.05.17"]
[Round "6"]
[White "Znidaric, Anze"]
[Black "Subelj, Jan"]
[Result "1/2-1/2"]
[WhiteElo "1959"]
[BlackElo "1935"]
[PlyCount "74"]
[EventDate "2015.05.15"]
[EventType "swiss"]
[EventRounds "6"]
[EventCountry "SLO"]
[SourceTitle "EXT 2023"]
[Source "ChessBase"]
[SourceDate "2022.10.05"]
[SourceVersion "1"]
[SourceVersionDate "2022.10.05"]
[SourceQuality "1"]

1. Nf3 Nf6 2. d4 e6 3. g3 b5 4. Bg2 Bb7 5. a4 b4 6. c4 c5 7. 0-0 cxd4 8. Nxd4 Bxg2 9. Kxg2 Qc7 10. b3 Nc6 11. Bb2 Bc5 12. e3 Qb7 13. Qf3 Be7 14. Rd1 0-0 15. Nxc6 dxc6 16. Nd2 Rfd8 17. Ne4 Nxe4 18. Qxe4 Rd7 19. Qg4 c5+ 20. Kg1 Bf8 21. Rxd7 Qxd7 22. Rd1 Qc7 23. Rd3 Rd8 24. Be5 Qc8 25. Qd1 Rxd3 26. Qxd3 f6 27. Bb2 Qc7 28. e4 Qd6 29. Qxd6 Bxd6 30. f4 Kf7 31. Kf2 g6 32. Kf3 h5 33. Ba1 Bc7 34. Bb2 Bd6 35. Ba1 Bc7 36. Bb2 Bd6 37. Ba1 Bc7 1/2-1/2

[Event "SLO-chT U16"]
[Site "Debeli Rtic"]
[Date "2015.05.16"]
[Round "4"]
[White "Pozun, Matej"]
[Black "Znidaric, Anze"]
[Result "1/2-1/2"]
[WhiteElo "1746"]
[BlackElo "1959"]
[PlyCount "80"]
[EventDate "2015.05.15"]
[EventType "swiss"]
[EventRounds "6"]
[EventCountry "SLO"]
[SourceTitle "EXT 2023"]
[Source "ChessBase"]
[SourceDate "2022.10.05"]
[SourceVersion "1"]
[SourceVersionDate "2022.10.05"]
[SourceQuality "1"]

1. e4 c5 2. Nf3 d6 3. d4 cxd4 4. Nxd4 Nf6 5. Nc3 a6 6. Be2 e5 7. Nb3 Be6 8. 0-0 Be7 9. Re1 0-0 10. Bf3 Qc7 11. Be3 Nbd7 12. a4 b6 13. h3 Rfd8 14. Qd2 Rac8 15. Rad1 Qb7 16. Nc1 b5 17. axb5 axb5 18. N1a2 Nb6 19. Bxb6 Qxb6 20. Nb4 Rc4 21. Ncd5 Nxd5 22. Nxd5 Bxd5 23. exd5 Rdc8 24. c3 b4 25. Rb1 bxc3 26. bxc3 Qc7 27. Bg4 Ra8 28. Rb3 g6 29. Reb1 Ra7 30. Qh6 Bf8 31. Rb8 Qe7 32. Qe3 Rcc7 33. Be2 Rab7 34. Ba6 Rxb1+ 35. Rxb1 Kg7 36. c4 Rc5 37. Rb7 Rc7 38. Rb1 Rc5 39. Rb7 Rc7 40. Rb1 Rc5 1/2-1/2

[Event "SLO-chT U16"]
[Site "Debeli Rtic"]
[Date "2015.05.15"]
[Round "1"]
[White "Znidaric, Anze"]
[Black "Amon, Nejc"]
[Result "1/2-1/2"]
[WhiteElo "1959"]
[BlackElo "2055"]
[PlyCount "68"]
[EventDate "2015.05.15"]
[EventType "swiss"]
[EventRounds "6"]
[EventCountry "SLO"]
[SourceTitle "EXT 2023"]
[Source "ChessBase"]
[SourceDate "2022.10.05"]
[SourceVersion "1"]
[SourceVersionDate "2022.10.05"]
[SourceQuality "1"]

1. Nf3 c5 2. c4 Nc6 3. d4 cxd4 4. Nxd4 Nxd4 5. Qxd4 d6 6. g3 Nf6 7. Bg2 g6 8. Nc3 Bg7 9. 0-0 0-0 10. Qd3 a5 11. e4 a4 12. Be3 Ng4 13. Bd4 Ne5 14. Bxe5 Bxe5 15. f4 Bg7 16. Kh1 Bd7 17. b4 axb3 18. axb3 Bc6 19. b4 b6 20. Rxa8 Qxa8 21. Nd5 Bxd5 22. cxd5 Rc8 23. Qe3 Qa6 24. Rc1 Rxc1+ 25. Qxc1 Bd4 26. Bf1 Qa2 27. Qe1 Qc2 28. Qe2 Qxe2 29. Bxe2 Bc3 30. b5 Bd4 31. Bd1 Bc3 32. Be2 Bd4 33. Bd1 Bc3 34. Be2 Bd4 1/2-1/2

[Event "SLO-CupT"]
[Site "Novo Mesto"]
[Date "2015.03.28"]
[Round "3"]
[White "Znidaric, Anze"]
[Black "Vesel, Mark"]
[Result "1/2-1/2"]
[WhiteElo "2037"]
[BlackElo "2064"]
[PlyCount "129"]
[EventDate "2015.03.27"]
[EventType "team-swiss"]
[EventRounds "5"]
[EventCountry "SLO"]
[SourceTitle "EXT 2019"]
[Source "ChessBase"]
[SourceDate "2018.10.10"]
[SourceVersion "1"]
[SourceVersionDate "2018.10.10"]
[SourceQuality "1"]
[WhiteTeam "Tomo Zupan Kranj"]
[BlackTeam "Kocevje"]
[WhiteTeamCountry "SLO"]
[BlackTeamCountry "SLO"]

1. Nf3 Nf6 2. d4 g6 3. g3 Bg7 4. Bg2 0-0 5. 0-0 d6 6. c4 Nc6 7. Nc3 e5 8. d5 Ne7 9. h3 Nd7 10. e4 h6 11. Nh4 f5 12. exf5 gxf5 13. f4 e4 14. Be3 Nf6 15. Bd4 a6 16. Qe2 Qe8 17. Nd1 Ng6 18. Nxg6 Qxg6 19. Qe3 Rf7 20. Bxf6 Bxf6 21. Kh2 Rg7 22. Rg1 h5 23. Bf1 Bd7 24. Be2 Rh7 25. Nf2 Qg7 26. Qb3 b6 27. Rab1 Bd4 28. Rg2 Kh8 29. Qa3 Rg8 30. b4 Qh6 31. h4 Bxf2 32. Rxf2 Rhg7 33. Rb3 Bc8 34. Qc1 Qg6 35. Qd1 Rh7 36. Qd4+ Qg7 37. Qxg7+ Kxg7 38. c5 dxc5 39. bxc5 b5 40. Rf1 Rd8 41. Rd1 Kf6 42. c6 Ke7 43. a3 Kd6 44. Rc3 Rhh8 45. Kg2 Rdg8 46. Kf2 Rg7 47. Rd2 Rgg8 48. Rd4 Rg7 49. Rd1 Rgg8 50. a4 bxa4 51. Ra1 Rg7 52. Bc4 Rh6 53. Rxa4 Rh8 54. Ra1 Rgg8 55. Rb1 Rg7 56. Rb8 Rgg8 57. Ra8 Be6 58. Rxa6 Bf7 59. Ra7 Rb8 60. Rc2 Rb4 61. Ra5 Rhb8 62. Ke3 Rb1 63. Rca2 Rc1 64. R5a4 Re1+ 65. Kd4 1/2-1/2